| 000 | 01008cam a22001814a 4500 | ||
|---|---|---|---|
| 005 | 20250605163430.0 | ||
| 008 | 250528s ||||||||||||||||||||||||d | ||
| 035 | _a19093 | ||
| 040 |
_aGR-AtMCL _bgre _dGR-AtMCL _eAACR2 |
||
| 245 | 1 | _aΑτομική και Πυρηνική Φυσική | |
| 260 |
_bΑθήνα, _c1970 |
||
| 300 | _a142 | ||
| 520 | _aΓια τους μαθητές και τους υποψήφιους των Ανωτάτων Σχολών. Ατομική Φυσική, Κβαντική Θεωρία, Μελέτη των Ατόμων και των Περιφερόμενων Ηλεκτρονίων των, Πυρηνική Φυσική, Γενικά Περί Πυρήνων, Φυσική Ραδιενέργεια - Φυσική Μεταστοιχείωσις, Τεχνητή Ραδιενέργεια - Τεχνητή Μεταστοιχείωσις, Ασκήσεις, Βιβλιογραφία. | ||
| 700 | 1 | _aΞυνης Σοφοκλης | |
| 942 | _cBK | ||
| 999 |
_c4374 _d4374 |
||